Deutsche Kuchen - Statistiken

Allgemein
  • Dieses Quiz wurde 311 mal gespielt
  • Das Durchschnittsergebnis liegt bei 7 aus 10
Antwortstatistiken
Bildquiz Antwort % Korrekt
Bienenstich
94%
Schwarzwälder Kirschtorte
94%
Donauwelle
91%
Marzipanstollen
85%
Streuselkuchen
81%
Baumkuchen
78%
Marmorkuchen
76%
Kalter Hund
67%
Frankfurter Kranz
61%
Eierschecke
19%
Keine übereinstimmenden Quizze gefunden
Verteilung der Resultate
Anzahl Personen mit jedem Resultat
Perzentil nach korrekt beantworteten Fragen
Ihre Resultats-Entwicklung
Sie haben dieses Quiz noch nicht gespielt